[Event "USA-ch Girls 2017"]
[Site "Saint Louis"]
[Date "2017.07.08"]
[Round "1"]
[White "Feng, Maggie"]
[Black "Virkud, Apurva"]
[Result "1/2-1/2"]
[WhiteElo "2304"]
[BlackElo "2213"]
[Annotator "TA"]
[PlyCount "87"]
[EventDate "2017.??.??"]
[EventType "tourn"]
[EventCountry "USA"]
[SourceTitle "playchess.com"]
[Source "ChessBase"]
[SourceQuality "1"]

{[%evp 23,87,12,19,4,41,31,32,17,25,0,0,10,36,22,60,60,74,73,63,60,92,91,73,85,90,94,89,86,107,110,110,119,119,114,80,50,47,51,64,44,97,52,44,0,35,-134,-131,-147,-151,-145,-154,-175,-177,-212,-139,-139,-96,-139,-95,-130,-126,-126,0,-154,0,-133]} 1. d4 d5 2. c4 e6 3. Nf3 Nf6 4. Nc3 Be7 5. Bf4 O-O 6. e3 c5 7. dxc5 Bxc5 8. cxd5 Nxd5 9. Nxd5 exd5 10. a3 Bb6 11. Bd3 Bg4 12. O-O Nc6 13. b4 {D37: Queen's Gambit Declined: 5 Bf4} (13. h3 $5 {[%cal Rh3g4]} Bh5 14. b4 $14) 13... a6 14. h3 Bh5 15. Rc1 {White is slightly better.} d4 {With the idea ...dxe3.} 16. g4 Bg6 17. e4 Re8 18. Re1 {[#]} Qe7 $146 ({Predecessor:} 18... Rc8 19. Bc4 Qf6 20. Bg5 Qd6 21. e5 Qd7 22. Qb3 {1-0 (44) Svidler,P (2741)-Harikrishna,P (2758) Shenzhen 2017}) 19. Bc4 Qf6 20. Bg5 $36 {[%cal Bf4g5,Bg5h4,Bh4g3][%mdl 2080] Keeping Black busy.} Qd6 21. Bd5 Rac8 22. Bh4 Kh8 23. Bg3 Qd7 24. Qb3 f6 25. Nh4 Ne5 26. Bxe5 Rxe5 27. Nxg6+ hxg6 28. Qg3 g5 29. Kg2 g6 $1 30. h4 {Black must now prevent Rxc8+.} Kg7 {[#] aiming for ...gxh4.} 31. h5 Rh8 (31... gxh5 $14 32. gxh5 Rh8) 32. Rh1 {Hoping for hxg6.} gxh5 $1 33. gxh5 Re7 34. f4 $2 (34. Qf3 $14 {stays ahead.}) 34... Bc7 $17 35. h6+ Kh7 36. Qf3 {Threatens to win with fxg5.} Bxf4 37. Rc4 {[#]} Rc8 $1 38. Rd1 Rxc4 39. Bxc4 Qc8 40. Bd3 Re5 41. Rf1 Qc3 42. Rf2 Qc8 ({Of course not} 42... Qxa3 $6 43. Rc2 $11) 43. Rf1 $1 Qc3 44. Rf2 $1 {Precision: White = 54%, Black = 43%.} 1/2-1/2

[Event "USA-ch Girls 2017"]
[Site "Saint Louis"]
[Date "2017.07.08"]
[Round "1"]
[White "Gorti, Akshita"]
[Black "Ulrich, Rachel J"]
[Result "1/2-1/2"]
[WhiteElo "2232"]
[BlackElo "2049"]
[Annotator "TA"]
[PlyCount "100"]
[EventDate "2017.??.??"]
[EventType "tourn"]
[EventCountry "USA"]
[SourceTitle "playchess.com"]
[Source "ChessBase"]
[SourceQuality "1"]

{[%evp 15,100,30,30,35,38,13,0,15,2,0,0,6,12,0,22,-6,0,-12,0,-20,-18,-55,-31,-58,-46,-91,-15,-78,-20,-13,-24,-22,-14,-18,0,0,0,0,-7,-37,-33,-47,-38,-77,-22,-5,-17,-7,0,-106,87,-93,-107,-128,-116,-131,-90,-105,0,-135,-39,-108,-43,-65,-69,-194,-189,-189,-182,-181,-123,-108,-114,-121,-102,-100,-70,-68,-62,-76,-5,-9,0,0,0,0,0]} 1. d4 d5 2. c4 c6 3. Nf3 Nf6 4. e3 Bf5 5. Nc3 e6 6. Nh4 Be4 7. f3 Bg6 8. Qb3 Qc7 9. Bd2 {D12: Slav Defence: 3 Nf3 Nf6 4 e3 Bf5} Be7 10. cxd5 cxd5 11. Nxg6 hxg6 12. O-O-O Nc6 13. Kb1 a6 14. Rc1 Nd7 {[#]} 15. g3 $146 ({Predecessor:} 15. Bd3 Rc8 16. Ne2 b5 {0-1 (41) Nakamura,H (2779)-Caruana,F (2823) Saint Louis 2016}) 15... Rc8 16. Qd1 b5 17. e4 Nb6 (17... Nxd4 $2 18. Nxd5 Qd8 19. Rxc8 $18) 18. Bd3 O-O 19. exd5 exd5 (19... Nxd4 $6 20. Nxb5 Qe5 21. Rxc8 $16) 20. g4 Qd7 (20... Nxd4 $2 21. Nxb5 Qxc1+ 22. Bxc1 $18) (20... Bh4 $17) 21. Ne2 (21. h4 $11) 21... Nc4 ({Black should try} 21... Bh4 $17) 22. h4 $1 $11 Nxd2+ 23. Qxd2 Nb4 24. Rcg1 Qc6 25. h5 Nxd3 26. Qxd3 Qc4 $36 {[%mdl 2048] Black fights for an advantage.} 27. Qd1 g5 28. h6 g6 $1 29. f4 gxf4 (29... Rfe8 $17 30. b3 Qc7) 30. Nxf4 Bg5 31. Rf1 Rfe8 32. Qf3 {[#]} (32. Rf3 $11) 32... Qc2+ $1 $17 33. Ka1 Qe4 {Hoping for ...Rc1+!} 34. Qxe4 dxe4 35. Kb1 e3 36. Ne2 Re4 (36... Rc7 $17) 37. Rfg1 (37. h7+ $1 $11 Kh8 38. Rxf7) 37... Bf6 (37... Kh7 $17 38. a3 a5) 38. Rh3 {[#]} (38. h7+ $15 Kh8 39. Rf1 Bxd4 40. Rxf7 Rxg4 41. Nxd4 Rxd4 42. Re7) 38... Rd8 ({Of course not} 38... Bxd4 $6 39. Nxd4 Rxd4 40. Rxe3 $11) (38... Rce8 $1 $17 39. h7+ Kh8) 39. h7+ Kh8 40. Rf1 ({White should play} 40. Kc2 $1 $15) 40... Bxd4 $19 {White must now prevent ...Bg7.} 41. Rxf7 Bg7 {Strongly threatening ...Rd1+.} ({Much less strong is} 41... Rxg4 42. Nxd4 Rgxd4 43. Rxe3 $15) 42. Rc7 Rd1+ ({Don't play} 42... Rxg4 43. Rxe3 g5 44. Ree7 $17) (42... g5 $19 43. b3 a5) 43. Rc1 $17 Rxc1+ 44. Kxc1 Rxg4 {[%mdl 4096] Endgame KRB-KRN} 45. b3 Bf6 46. Kc2 Bg5 47. Kd3 Rg2 (47... Rh4 $17 48. Rxh4 Bxh4 49. Kxe3 Kxh7) 48. Rh1 $11 {The position is equal.} Rf2 49. Rg1 Bh6 50. Rxg6 Kxh7 {Precision: White = 42%, Black = 53%.} 1/2-1/2

[Event "USA-ch Girls 2017"]
[Site "Saint Louis"]
[Date "2017.07.08"]
[Round "1"]
[White "Nguyen, Emily"]
[Black "Eswaran, Ashritha"]
[Result "1-0"]
[WhiteElo "2048"]
[BlackElo "2086"]
[Annotator "NA RC"]
[PlyCount "83"]
[EventDate "2017.??.??"]
[EventType "tourn"]
[EventCountry "USA"]
[SourceTitle "playchess.com"]
[Source "ChessBase"]
[SourceQuality "1"]
[TimeControl "40/5400+30:1800+30"]

{[%evp 27,83,32,138,142,133,139,155,178,239,245,390,389,358,387,370,269,307,301,324,329,330,361,425,386,377,416,442,458,542,540,541,449,442,418,507,443,561,585,631,508,658,580,572,577,912,1039,866,1043,1330,1571,29987,29990,29988,29990,29985,29990,29993,29992]} 1. d4 {[%emt 0:00:00]} Nf6 {[%emt 0:00:09]} 2. c4 {[%emt 0:00:00]} e6 {[%emt 0:00:06]} 3. Nf3 {[%emt 0:00:00]} c5 {[%emt 0:00:08]} 4. d5 {[%emt 0:00:00]} exd5 {[%emt 0:00:07]} 5. cxd5 {[%emt 0:00:07]} d6 {[%emt 0:00:26]} 6. g3 {[%emt 0:00:12]} g6 {[%emt 0:00:25]} 7. Nc3 {[%emt 0:00:07]} Bg7 {[%emt 0:00:31]} 8. Bg2 {[%emt 0:00:08]} O-O {[%emt 0:00:08]} 9. O-O {[%emt 0:00:05]} Na6 {[%emt 0:00:56]} 10. Bf4 {[%emt 0:00:28]} Nc7 {[%emt 0:01:18] A62: Modern Benoni: Fianchetto Variation without early ...Nbd7} 11. e4 {[%emt 0:00:50]} (11. a4 Re8 12. Re1 Ne4 13. Nxe4 Rxe4 14. Nd2 Rxf4 15. gxf4 Bxb2 16. Rb1 Bg7 17. Qb3 b6 18. e4 Bh6 19. Qg3 {1-0 (36) Rozum,I (2601)-Martirosyan,H (2529) Moscow 2017}) 11... Bg4 {[%emt 0:06:41]} 12. h3 {[%emt 0:05:04]} Bxf3 {[%emt 0:01:30]} 13. Bxf3 {[%emt 0:00:11]} Nfe8 {[%emt 0:01:18]} 14. Qb3 $146 {[%emt 0:11:16]} ({Predecessor:} 14. a4 b6 15. Qd2 a6 16. Rfd1 Rb8 17. Rab1 b5 18. b4 cxb4 19. Rxb4 {½-½ (30) Chan,K (2152)-Szabo,B (2378) Caleta 2017}) 14... Qf6 {[%emt 0:17:51]} ({Black should try} 14... Rb8 $14) 15. Qxb7 {[%emt 0:14:29]} g5 {[%emt 0:00:26]} 16. e5 $1 {[%emt 0:00:47]} dxe5 {[%emt 0:11:17] [#]} 17. d6 $1 {[%emt 0:10:22]} Qxd6 {[%emt 0:19:30]} (17... Nxd6 $16 18. Qxc7 gxf4) 18. Bxg5 {[%emt 0:02:29]} f5 {[%emt 0:03:40]} (18... Kh8 {keeps fighting.} 19. Bc6 f6) 19. Qb3+ {[%emt 0:05:58]} Kh8 {[%emt 0:00:40]} 20. Bxa8 {[%emt 0:00:53]} Nxa8 {[%emt 0:00:06]} 21. Qd5 {[%emt 0:04:04]} Qg6 {[%emt 0:00:59]} 22. Be7 {[%emt 0:04:05]} Nac7 {[%emt 0:00:10]} 23. Qxc5 {[%emt 0:03:19]} Rg8 {[%emt 0:02:10]} 24. Rad1 {[%emt 0:01:55]} f4 {[%emt 0:04:30]} 25. Bh4 {[%emt 0:03:00]} Qe6 {[%emt 0:08:24]} 26. Kh2 {[%emt 0:04:30]} Bf8 {[%emt 0:02:30]} 27. Qa5 {[%emt 0:01:14]} Rg6 {[%emt 0:01:45]} 28. Ne4 {[%emt 0:05:41]} Qf5 {[%emt 0:01:24]} 29. Qa4 {[%emt 0:02:10]} Rb6 {[%emt 0:03:16]} 30. Qc2 {[%emt 0:09:40]} Rh6 {[%emt 0:04:17]} 31. Qd3 {[%emt 0:02:39]} Rg6 {[%emt 0:02:59]} 32. g4 {[%emt 0:04:32]} Qe6 {[%emt 0:00:59]} 33. Qd7 {[%emt 0:01:09]} Qxa2 {[%emt 0:01:11]} 34. Bd8 {[%emt 0:01:05]} Rg7 {[%emt 0:01:28]} 35. Qf5 {[%emt 0:01:25]} Rf7 {[%emt 0:00:16]} 36. Qxe5+ {[%emt 0:00:06]} Bg7 {[%emt 0:00:03]} 37. Qh5 {[%emt 0:00:25]} Bxb2 {[%emt 0:00:50]} 38. Bxc7 {[%emt 0:00:20]} Qc4 {[%emt 0:00:00]} 39. Be5+ {[%emt 0:00:22]} Kg8 {[%emt 0:03:28]} 40. Qg5+ {[%emt 0:00:00]} Kf8 {[%emt 0:00:22]} 41. Bxb2 {[%emt 0:01:08]} Qb4 {[%emt 0:04:03]} 42. Bd4 {[%emt 0:01:14]} 1-0

[Event "USA-ch Girls 2017"]
[Site "Saint Louis"]
[Date "2017.07.08"]
[Round "1"]
[White "Cervantes Landeiro, Thalia"]
[Black "Bykovtsev, Agata"]
[Result "0-1"]
[WhiteElo "2032"]
[BlackElo "2045"]
[Annotator "NA RC"]
[PlyCount "88"]
[EventDate "2017.??.??"]
[EventType "tourn"]
[EventCountry "USA"]
[SourceTitle "playchess.com"]
[Source "ChessBase"]
[SourceQuality "1"]
[TimeControl "40/5400+30:1800+30"]

{[%evp 36,88,163,148,175,179,304,410,304,368,493,397,543,506,527,439,407,417,385,278,286,144,199,232,140,189,328,358,561,68,58,0,0,-462,-516,-559,-514,-487,-639,-568,-758,-727,-815,-684,-1039,-1004,-982,-806,-1242,-1315,-1712,-1600,-1920,-1712,-1570]} 1. d4 {[%emt 0:00:00]} Nf6 {[%emt 0:00:06]} 2. c4 {[%emt 0:00:00]} g6 {[%emt 0:00:03]} 3. Nc3 {[%emt 0:00:00]} Bg7 {[%emt 0:00:04]} 4. e4 {[%emt 0:00:00]} d6 {[%emt 0:00:05]} 5. f4 {[%emt 0:00:00]} O-O {[%emt 0:00:22]} 6. Nf3 {[%emt 0:00:04]} c5 {[%emt 0:00:11]} 7. d5 {[%emt 0:00:08]} e6 {[%emt 0:00:20]} 8. dxe6 {[%emt 0:00:08]} fxe6 {[%emt 0:00:11]} 9. Bd3 {[%emt 0:00:08]} Nc6 {[%emt 0:00:15]} 10. O-O {[%emt 0:00:21]} Nd4 {[%emt 0:00:29]} 11. Ng5 {[%emt 0:01:25]} e5 {[%emt 0:01:58] E76: King's Indian: Four Pawns Attack: Lines specific to 6 Nf3 move-order} 12. f5 {[%emt 0:00:46]} h6 {[%emt 0:00:54]} 13. Nh3 {[%emt 0:00:28]} gxf5 {[%emt 0:00:35]} 14. exf5 {[%emt 0:00:13]} b5 {[%emt 0:02:02]} 15. Nxb5 {[%emt 0:02:10]} (15. b3 Bb7 16. Nf2 e4 17. Nfxe4 Nxe4 18. Bxe4 Bxe4 19. Nxe4 {1-0 (28) Komljenovic,D (2457)-Roa Alonso,S (2439) Jaen 2011}) 15... Nxb5 {[%emt 0:00:08]} 16. cxb5 {[%emt 0:00:11]} d5 {[%emt 0:00:38]} 17. a4 {[%emt 0:00:14]} c4 {[%emt 0:04:16]} 18. Bb1 {[%emt 0:02:03]} Qb6+ $146 {[%emt 0:12:44]} (18... Kh8 $16 {was worth a try.}) ({Predecessor:} 18... d4 19. Ba2 {1-0 (27) Carnstam,T-Werner ICCF corr 1985}) 19. Kh1 {[%emt 0:01:39]} a6 {[%emt 0:23:38] [#]} 20. Ra3 $1 {[%emt 0:02:55]} Bb7 {[%emt 0:06:54]} ({Much worse is} 20... axb5 $6 21. Rg3 $14) (20... h5 $142) 21. Rg3 {[%emt 0:05:59]} Kf7 {[%emt 0:06:33]} 22. Rg6 {[%emt 0:07:33]} Rh8 {[%emt 0:04:25]} 23. Nf2 {[%emt 0:11:43]} Qd4 {[%emt 0:17:13]} 24. Qe2 {[%emt 0:04:06]} e4 {[%emt 0:07:28]} 25. Ng4 {[%emt 0:16:49]} Nxg4 {[%emt 0:02:47]} 26. Qxg4 {[%emt 0:01:16]} Bf6 {[%emt 0:00:41]} 27. Qg3 {[%emt 0:10:16]} Qe5 {[%emt 0:02:16] [#]} 28. Qh3 {[%emt 0:04:58]} (28. Rxf6+ $1 $18 Qxf6 29. Qc7+ Qe7 30. Qb6) 28... axb5 {[%emt 0:00:50]} 29. Qh5 {[%emt 0:03:08]} ({Stronger than} 29. Rxh6 Rag8 $15) ({Weaker is} 29. axb5 h5 $16) 29... Ke7 {[%emt 0:00:40]} 30. Be3 {[%emt 0:03:34]} ({Stronger than} 30. axb5 Ra1 $14) 30... bxa4 $2 {[%emt 0:02:38] [#]} (30... Rag8 $16 {was worth a try.}) 31. Rd1 $1 {[%emt 0:04:40]} Raf8 $2 {[%emt 0:01:47]} ({Much weaker is} 31... Qxb2 {[#]} 32. Bxe4 $1 {[%mdl 512]} a3 33. Bc5+ Kd7 34. Bxd5) (31... Rag8 32. Bd4 Qxd4 33. Rxd4 Rxg6) 32. Bc5+ $2 {[%emt 0:00:59]} ({Only move:} 32. Bd4 $18 Qxd4 33. Rxd4 Bxd4 34. Qd1) 32... Kd7 {[%emt 0:00:30]} 33. Bxf8 {[%emt 0:00:48]} (33. Bd4 $16 Qe8 34. Bxf6 Rxf6 35. Bxe4 Rxg6 36. fxg6 Qxe4 37. g7) 33... Rxf8 {[%emt 0:00:03]} 34. Qxh6 $2 {[%emt 0:01:38]} (34. Rxh6 $11 Kc8 35. Bc2) 34... Rh8 {[%emt 0:00:30]} 35. Rxf6 {[%emt 0:03:25]} Rxh6 {[%emt 0:00:02]} 36. Rxh6 {[%emt 0:00:02]} Qxf5 {[%emt 0:00:14]} 37. Kg1 {[%emt 0:00:47]} Qe5 {[%emt 0:00:33]} 38. Bc2 {[%emt 0:01:57]} Bc6 {[%emt 0:00:55]} 39. Rf1 {[%emt 0:06:23]} Qd4+ {[%emt 0:00:22]} 40. Kh1 {[%emt 0:00:00]} Qxb2 {[%emt 0:00:43]} 41. Bd1 {[%emt 0:02:04]} Kc7 {[%emt 0:15:06]} 42. h4 {[%emt 0:04:48]} a3 {[%emt 0:02:46]} 43. Kh2 {[%emt 0:07:25]} Qe5+ {[%emt 0:04:53]} 44. Kh3 {[%emt 0:02:42]} Qg7 $19 {[%emt 0:04:10]} 0-1

[Event "USA-ch Girls 2017"]
[Site "Saint Louis"]
[Date "2017.07.08"]
[Round "1"]
[White "Wang, Annie"]
[Black "Yip, Carissa"]
[Result "1/2-1/2"]
[WhiteElo "2023"]
[BlackElo "2261"]
[Annotator "TA"]
[PlyCount "92"]
[EventDate "2017.??.??"]
[EventType "tourn"]
[EventCountry "USA"]
[SourceTitle "playchess.com"]
[Source "ChessBase"]
[SourceQuality "1"]

{[%evp 14,92,2,-2,0,-29,-29,-29,-29,-53,-16,-54,-50,-75,-30,-34,-8,0,0,-4,0,0,0,-18,-17,-30,-19,-53,-55,-39,-30,-38,-27,-28,-27,-30,0,-24,-3,-14,-4,-9,-3,-16,0,0,0,0,19,0,27,16,34,25,18,22,36,41,56,57,46,0,0,-12,-10,-10,-19,-22,-10,-10,-10,-10,-10,-10,-10,-10,0,-11,0,-11,0]} 1. d4 d5 2. c4 e6 3. Nc3 Bb4 4. a3 Bxc3+ 5. bxc3 Nf6 6. e3 c5 7. Nf3 O-O 8. Be2 {LiveBook: 15 Games. E51: Nimzo-Indian: Rubinstein: 4...0-0 5 Nf3 d5} Qc7 9. Qd3 $146 ({Predecessor:} 9. cxd5 exd5 10. O-O c4 11. Qc2 Nc6 12. Nd2 Re8 13. Bf3 Bg4 14. a4 Bxf3 15. Nxf3 Ne4 {0-1 (28) Hrescak,I (1993)-Brkic,A (2607) Split 2015}) 9... b6 10. cxd5 {Black has an edge.} exd5 11. O-O Ne4 (11... c4 $5 {[%cal Rc4d3]} 12. Qc2 g6 $11) 12. Bb2 c4 13. Qd1 Re8 14. Nd2 Bf5 15. Nxe4 Bxe4 16. f3 Bg6 17. e4 dxe4 18. fxe4 (18. Qa4 {looks sharper.} Nc6 19. Qxc4 Qd7 20. Rae1 a6 21. a4) 18... Nd7 {[%cal Bb8d7,Bd7c5,Bc5a4][%mdl 32]} 19. e5 Rad8 20. Qd2 b5 21. Rf2 Nc5 {White must now prevent ...Ne4.} 22. Qf4 Na4 23. Qc1 Re7 24. Bf3 Kh8 25. Qg5 a6 26. Raf1 Bd3 27. Rc1 Rf8 28. Bh5 Nxb2 29. Rxb2 f6 30. Rf2 {[%cal Re5f6]} Qb6 31. Qh4 Re6 32. Bg4 Ree8 33. Bd7 Re7 $1 {[%cal Re7d7]} 34. e6 Qd6 35. Ra1 Bg6 {[%cal Bd3g6,Bg6e8,Be8c6][%mdl 32]} 36. Qf4 Qd5 37. Re1 (37. Qe5 $5 {[%cal Re5d5]} Be4 38. a4 $14) 37... Be8 $1 {[%cal Re8d7] The position is equal.} 38. Re5 Qd6 $36 {[%mdl 2048] Black has good play.} 39. Bc8 Bc6 40. Bxa6 Rxe6 {[#] And now ...Ra8 would win.} 41. a4 $1 Rxe5 42. dxe5 Qd1+ 43. Rf1 Qd5 {[%csl Gc6][%cal Rd5g2]} 44. Rf2 {[%cal Re5f6]} Qd1+ 45. Rf1 Qd5 {[%csl Gc6][%cal Rd5g2] [#]} 46. Rf2 $1 {[%cal Re5f6]} Qd1+ {Precision: White = 43%, Black = 56%.} 1/2-1/2

[Event "USA-ch Girls 2017"]
[Site "Saint Louis"]
[Date "2017.07.09"]
[Round "2"]
[White "Yip, Carissa"]
[Black "Gorti, Akshita"]
[Result "0-1"]
[WhiteElo "2261"]
[BlackElo "2232"]
[Annotator "TA"]
[PlyCount "126"]
[EventDate "2017.??.??"]
[EventType "tourn"]
[EventCountry "USA"]
[SourceTitle "playchess.com"]
[Source "ChessBase"]
[SourceQuality "1"]

{[%evp 21,126,0,0,-16,-17,-31,-37,-29,-15,-17,-17,-83,-35,-37,-13,-42,-39,-45,0,0,-11,0,0,-29,-14,-50,-53,-220,-226,-216,-190,-225,-225,-220,-220,-218,-198,-262,-258,-240,-254,-245,-248,-252,-245,-248,-211,-246,-257,-241,-218,-250,-249,-29988,-29989,-29989,-473,-671,-883,-814,-768,-652,-592,-745,-706,-721,-701,-681,-718,-647,-683,-941,-713,-836,-720,-5089,-5088,-4722,-4722,-4449,-4449,-1099,-659,-29967,-29967,-29958,-12842,-3175,-1450,-1141,-1225,-1334,-1753,-1718,-1711,-1872,-1843,-1397,-1062,-12842,-5973,-29983,-29984,-29986,-29987,-29987,-29988]} 1. e4 e6 2. d4 d5 3. Nd2 c5 4. exd5 Qxd5 5. Ngf3 cxd4 6. Bc4 Qd6 7. Qe2 Nf6 8. Nb3 Nc6 9. Bg5 a6 10. O-O-O b5 11. Bd3 Be7 12. Nbxd4 {C07: French Tarrasch: 3...c5, 4 Ngf3 and 4 exd5 Qxd5} Bb7 (12... Nxd4 13. Nxd4 Qd5 14. Bxf6 Bxf6 15. Kb1 Qc5 16. Be4 Ra7 17. Bc6+ Kf8 18. Qe3 Kg8 19. Rd3 h5 {½-½ (44) Nevednichy,V (2545)-Torma,R (2488) Hungary 2017}) 13. Kb1 Nxd4 14. Nxd4 {Hoping for Nf5!Black is slightly better.} O-O 15. Rhe1 Rfe8 16. g4 $146 (16. Nf3 $11 Qc7 17. c3) ({Predecessor:} 16. Nf3 Qc7 17. a3 h6 18. Bd2 Nd7 19. Bc3 Rad8 {½-½ (33) Tauscher,K-Emrich,E (2277) ICCF email 2013}) 16... Nd5 17. Bxe7 Qxe7 18. Be4 Rad8 19. Qf3 Qb4 20. Nb3 Ba8 21. g5 $1 Qe7 22. Rg1 (22. h4 {keeps more tension.} Qc7 23. Nd4 Qc4 24. Qe2 Qc7 25. Qf3) 22... b4 23. Rd3 {And now Bxh7+! would win.} Qc7 24. Rg4 $2 {[#]} (24. Rc1 $15) 24... f5 $1 $19 {[%cal Rf5g4]} ({Worse is} 24... Qxh2 25. Rd1 $11) 25. gxf6 Nxf6 26. Qxf6 Bxe4 27. Rxg7+ Qxg7 28. Qxd8 {[#]} Qg6 $1 ({Not} 28... Rxd8 $2 29. Rxd8+ Kf7 30. Rd7+ Kg8 31. Rxg7+ Kxg7 32. Nc5 $18) 29. Qd7 (29. Qd4 {was necessary.} Bxd3 30. cxd3) 29... Bxd3 30. cxd3 {[%mdl 4096] Endgame KQR-KQN} Rf8 31. Qd4 Qg1+ 32. Nc1 Rxf2 33. Qe4 Qg6 ({Don't play} 33... Qxh2 34. Qxe6+ Rf7 35. Qg4+ Kf8 36. Qc8+ Ke7 37. Qb7+ Ke6 38. Qc8+ Rd7 39. Qe8+ Re7 40. Qc8+ Rd7 41. Qe8+ Re7 42. Qc8+ Rd7 $15) 34. Qa8+ Rf8 35. Qxa6 Qg4 36. Qb6 h5 37. d4 $2 (37. Qc5 $19) 37... Qe4+ 38. Ka1 Rf1 (38... Rc8 $142 39. Qc5 Rxc5 40. dxc5 Qc2 41. a4 Qxc1+ 42. Ka2 Qc4+ 43. b3 Qc2+ 44. Ka1 Qxb3 45. c6 Qc3+ 46. Ka2 Qc2+ 47. Ka1 b3 48. h4 Qc1#) 39. Qd8+ (39. Qc5 $142 Qxd4 40. Qg5+ Kf8 41. Qh6+ Qg7 42. Qd2) 39... Kh7 {[%cal Rf1c1]} 40. Qc7+ Kh6 41. Qc4 Rd1 42. Qc8 h4 43. h3 Qf5 44. Qh8+ Kg5 {[%cal Rd1c1]} 45. Qd8+ Qf6 {[%cal Rd1c1]} 46. Qa5+ Kh6 {[%cal Rd1c1]} 47. Qc5 Rxd4 48. a3 bxa3 49. Qxa3 Qf4 50. Qc3 Ra4+ 51. Kb1 Qe4+ 52. Nd3 Rd4 53. Qd2+ Kh7 54. Kc2 Rc4+ (54... Qc6+ $142 55. Kb1 Qc4) 55. Kb1 Qh1+ 56. Nc1 Qxh3 57. Qd7+ Kh6 58. Qd8 Qf5+ 59. Nd3 h3 {...h2 is the strong threat.} 60. Qh8+ Kg5 61. Qg7+ Kh5 {Black mates.} 62. Qg3 Rd4 63. Kc2 {[#]} Qxd3+ $1 {Precision: White = 38%, Black = 75%.} 0-1

[Event "USA-ch Girls 2017"]
[Site "Saint Louis"]
[Date "2017.07.09"]
[Round "2"]
[White "Eswaran, Ashritha"]
[Black "Wang, Annie"]
[Result "0-1"]
[WhiteElo "2086"]
[BlackElo "2023"]
[Annotator "NA RC"]
[PlyCount "122"]
[EventDate "2017.??.??"]
[EventType "tourn"]
[EventCountry "USA"]
[SourceTitle "playchess.com"]
[Source "ChessBase"]
[SourceQuality "1"]
[TimeControl "40/5400+30:1800+30"]

{[%evp 17,112,26,32767,23,41,43,32767,32767,32767,32767,32767,26,26,12,0,-23,35,21,77,53,82,72,108,117,82,0,0,0,6,-15,0,-25,2,-22,-5,-2,31,8,36,33,34,0,19,11,13,14,10,0,32767,32767,32767,32767,32767,0,0,0,0,-14,0,-33,-27,-26,32767,32767,32767,32767,-7,-52,-51,-77,-79,-85,-94,-69,-101,-188,-170,-193,-173,-202,-196,-218,-193,-181,-195,-193,32767,32767,32767,32767,32767,-443,-556,-564,-596,-536,-641]} 1. e4 {[%emt 0:00:00]} e5 {[%emt 0:00:07]} 2. Nf3 {[%emt 0:00:00]} Nc6 {[%emt 0:00:07]} 3. Bb5 {[%emt 0:01:17]} a6 {[%emt 0:00:11]} 4. Ba4 {[%emt 0:00:15]} Nf6 {[%emt 0:00:12]} 5. O-O {[%emt 0:02:07]} Be7 {[%emt 0:00:10]} 6. Re1 {[%emt 0:01:31]} b5 {[%emt 0:00:10]} 7. Bb3 {[%emt 0:00:08]} d6 {[%emt 0:00:35]} 8. c3 {[%emt 0:00:41]} O-O {[%emt 0:00:12]} 9. h3 {[%emt 0:03:35]} Nb8 {[%emt 0:00:17]} 10. d3 {[%emt 0:02:33]} Bb7 {[%emt 0:08:01] LiveBook: 64 Games} 11. Nbd2 {[%emt 0:01:17]} Nbd7 {[%emt 0:02:19]} 12. Nf1 {[%emt 0:00:53]} Nc5 {[%emt 0:10:03]} 13. Bc2 {[%emt 0:02:25]} Re8 {[%emt 0:02:10]} 14. Ng3 {[%emt 0:08:27]} Bf8 {[%emt 0:06:41]} 15. Nf5 {[%emt 0:03:19]} d5 {[%emt 0:15:55]} 16. d4 {[%emt 0:13:39]} dxe4 {[%emt 0:22:17]} (16... exd4 $15 17. e5 d3 18. Bxd3 Nxd3 19. Qxd3 Ne4) 17. Nxe5 {[%emt 0:01:05]} Ncd7 {[%emt 0:01:01]} 18. Ng4 {[%emt 0:03:51]} Nxg4 {[%emt 0:10:45]} 19. Qxg4 {[%emt 0:01:34]} Kh8 {[%emt 0:00:57]} 20. Bg5 {[%emt 0:03:21]} f6 {[%emt 0:04:39]} 21. Bh6 {[%emt 0:05:14]} (21. Bh4 $16) 21... g6 $1 {[%emt 0:00:10]} ({Not} 21... gxh6 22. Bb3 Bd5 23. Bxd5 Re6 24. Bxe6 Qe8 25. Qg8#) 22. Bb3 {[%emt 0:01:45]} Nb6 $1 {[%emt 0:02:39]} 23. Bxf8 {[%emt 0:06:49]} Rxf8 {[%emt 0:00:10]} 24. Ne3 {[%emt 0:01:14]} Qd6 {[%emt 0:01:25]} 25. Qe6 {[%emt 0:02:59]} Qxe6 {[%emt 0:00:38]} 26. Bxe6 {[%emt 0:00:07]} Rae8 {[%emt 0:00:08]} 27. Bb3 {[%emt 0:01:03]} f5 {[%emt 0:00:41]} 28. a4 {[%emt 0:02:28]} Ra8 {[%emt 0:02:21]} 29. Nc2 {[%emt 0:04:07]} (29. a5 $5 {[%cal Ra5b6]} Nd7 30. Nd5 $14) 29... Nd5 {[%emt 0:04:14]} 30. Bxd5 {[%emt 0:01:04]} Bxd5 {[%emt 0:00:11]} 31. Nb4 {[%emt 0:00:10]} Bb7 {[%emt 0:01:41]} 32. a5 {[%emt 0:01:59]} Rad8 {[%emt 0:00:41]} 33. Rac1 {[%emt 0:01:41]} Rf6 {[%emt 0:01:24]} 34. Red1 {[%emt 0:02:38]} Rfd6 {[%emt 0:00:23]} 35. Re1 {[%emt 0:02:55]} R8d7 {[%emt 0:00:44]} 36. Kf1 {[%emt 0:02:55]} (36. f3 $5) 36... Kg7 {[%emt 0:00:21]} 37. Ke2 {[%emt 0:01:24]} g5 {[%emt 0:01:45]} 38. Red1 {[%emt 0:03:15]} Kf6 {[%emt 0:01:11]} 39. b3 {[%emt 0:02:45]} Ke6 {[%emt 0:00:41]} 40. g3 {[%emt 0:00:00]} f4 {[%emt 0:01:05]} 41. gxf4 {[%emt 0:03:00]} gxf4 {[%emt 0:00:22]} 42. Rg1 {[%emt 0:00:32]} c5 $1 {[%emt 0:20:10]} 43. dxc5 {[%emt 0:07:24]} Rd2+ {[%emt 0:00:09]} 44. Ke1 {[%emt 0:05:12]} e3 {[%emt 0:08:03]} 45. fxe3 {[%emt 0:01:50]} f3 {[%emt 0:02:03]} 46. Rg8 {[%emt 0:03:06] [#]} (46. Rg4 $17 {was necessary.} Rh2 47. c6 Bxc6 48. Nxc6 Rh1+ 49. Kf2 Rxc1 50. c4) 46... Rh2 $1 {[%emt 0:00:43]} 47. Rc2 {[%emt 0:04:42]} Rxc2 {[%emt 0:00:14]} 48. Nxc2 {[%emt 0:00:07] [#]} f2+ $1 {[%emt 0:00:03]} 49. Kxf2 {[%emt 0:01:25]} Rd2+ {[%emt 0:00:04]} 50. Ke1 {[%emt 0:00:14]} Rxc2 {[%emt 0:00:02]} 51. Rb8 {[%emt 0:00:35]} Be4 {[%emt 0:00:53]} 52. Rb6+ {[%emt 0:00:57]} Kd5 {[%emt 0:00:12]} 53. b4 {[%emt 0:00:50]} Kc4 {[%emt 0:03:04]} 54. Rd6 {[%emt 0:01:56]} Kxc3 {[%emt 0:00:28]} 55. Rd4 {[%emt 0:00:31]} Bg6 {[%emt 0:00:06]} 56. h4 {[%emt 0:02:34]} Kb3 $19 {[%emt 0:01:04]} 57. Kd1 {[%emt 0:03:57]} Rc4 {[%emt 0:00:22]} 58. Rd6 {[%emt 0:01:55]} Kxb4 {[%emt 0:00:09]} 59. Rxa6 {[%emt 0:00:19]} Kxc5 {[%emt 0:00:17]} 60. Re6 {[%emt 0:00:14]} Rxh4 {[%emt 0:00:20]} 61. a6 {[%emt 0:00:45]} Ra4 {[%emt 0:00:15]} 0-1